Old-fashioned Bible themes. (Record no. 3402)

000 -LEADER
fixed length control field 00527nam a2200181 a 4500
001 - CONTROL NUMBER
control field :::00001132$&:&@@
003 - CONTROL NUMBER IDENTIFIER
control field OkBaRHE
005 - DATE AND TIME OF LATEST TRANSACTION
control field 20000607103241.0
008 - FIXED-LENGTH DATA ELEMENTS--GENERAL INFORMATION
fixed length control field j 000 0 eng u
040 ## - CATALOGING SOURCE
Transcribing agency
100 1# - MAIN ENTRY--PERSONAL NAME
Personal name Stewart, Alex H.
245 10 - TITLE STATEMENT
Title Old-fashioned Bible themes.
260 ## - PUBLICATION, DISTRIBUTION, ETC. (IMPRINT)
Place of publication, distribution, etc New York, NY., :
Name of publisher, distributor, etc Loizeaux Brothers
Date of publication, distribution, etc nd
300 ## - PHYSICAL DESCRIPTION
Extent 111 p. ;
Dimensions 19 cm.
650 ## - SUBJECT ADDED ENTRY--TOPICAL TERM
Topical term or geographic name as entry element Bible
General subdivision Theology
942 ## - ADDED ENTRY ELEMENTS (KOHA)
Source of classification or shelving scheme
Koha item type Books
Copies
Barcode Full call number Permanent Location Source of classification or shelving scheme Price effective from Shelving location Withdrawn status Koha item type Copy number Date acquired Lost status Not for loan Date last seen Damaged status
1132BS 543 .S72RHEMA Bible Training College 2010-04-14General Stacks Books12010-04-14  2018-02-16